| 000 | 00662nam a22002057a 4500 | ||
|---|---|---|---|
| 999 |
_c14286 _d14286 |
||
| 003 | AR-CdUCM | ||
| 008 | 190422b ||||| |||| 00| 0 spa d | ||
| 020 | _a978-84-236-7999-7 | ||
| 040 |
_aMUNICIPALIDAD PROVINCIAL DEL CUSCO _cBIBLIOTECA MUNICIPAL DEL CUSCO |
||
| 082 |
_23ed. _aPI / 220 / _bS36 |
||
| 100 |
_aSegarra, Mercé _932880 |
||
| 245 | _aLa biblia para los más pequeños / | ||
| 260 |
_aBarcelona : _bEdebé, _c2010. |
||
| 300 |
_a95 páginas ; _bIlustraciones, _c24 cm. |
||
| 650 |
_aHistoria de la biblia _933011 |
||
| 650 |
_aNarración _9665 |
||
| 700 |
_aModéré, Armelle (coautor) _933012 |
||
| 942 |
_2ddc _cLIBROS |
||
| 945 |
_aacv _d2019-04-22 |
||